00442cam a2200157ua 45000010005000000080039000050400009000440820010000532450060000632500009001232600038001323000017001706530023001876530037002107000037002471104110428n ii |||gr||||Z||||||eng cMAIN a320.81 aGramya samaj aru panchayatiraj.cBy Debendra Nath Bora. a1st. aCalcutta.:bBhattacharjee agency. a100 p.:5 cm. aPolitical science. aGramya samaj aru panchayati raj.1 aBorah, Debendra Nath.,eauthor.,